| 000 | 00704nam a2200205 i 4500 | ||
|---|---|---|---|
| 001 | 181446 | ||
| 003 | ES-MaACL | ||
| 005 | 20250417063104.0 | ||
| 008 | 130116s2009 sp | |||||||| | spa d | ||
| 080 | _a32(081) Sacristán, Manuel | ||
| 100 | 1 |
_aSacristán, Manuel, _d1925-1985 _9101268 |
|
| 245 | 1 | 0 |
_aPacifismo, ecologismo y política alternativa / _cManuel Sacristán. |
| 260 |
_a[Madrid] : _bDiario Público, _cD.L. 2009. |
||
| 300 |
_a270 p. ; _c18 cm. |
||
| 490 | 1 | _aBiblioteca pensamiento crítico | |
| 830 | 0 |
_aBiblioteca pensamiento crítico _9189844 |
|
| 852 |
_aES-MaACL _jA-12445 _9188347 _bR.145921 _cDEPO1 _dOlim: N-5450 |
||
| 942 |
_2udc _cMONOGRAFIA |
||
| 999 |
_c181446 _d181446 |
||